000 00697nam a2200265Ia 4500
005 20260302115801.0
008 008 260114s9999 xx 000 0 eng d
020 _a9781978722996
037 _aTextbook
040 _aCRL
040 _beng
040 _cCRL
041 _2eng
041 _aeng
084 _qCRL
100 _aEdward F. Mannino
_91122650
245 0 _aReinterpreting the Constitution How the Supreme Court Changes the Law
260 _bBloomsbury
260 _bLexington Books
260 _c2023
650 _aLaw
856 _uhttps://doi.org/10.5040/9781978722996?locatt=label:secondary_bloomsburyCollections
942 _cEBOOK
999 _c1687450
_d1687450